Medium term expenditure framework(MTEF) FOR 2017-2019. (Ministry Of Sanitation And Water Resources). Programme based budget estimates for 2017 (Record no. 1008)
[ view plain ]
| 000 -LEADER | |
|---|---|
| fixed length control field | 00605nam a2200157Ia 4500 |
| 008 - FIXED-LENGTH DATA ELEMENTS--GENERAL INFORMATION | |
| fixed length control field | 240428s9999||||xx |||||||||||||| ||und|| |
| 041 ## - LANGUAGE CODE | |
| Language code of text/sound track or separate title | eng |
| 082 ## - DEWEY DECIMAL CLASSIFICATION NUMBER | |
| Classification number | MTEF/MSWR/17 |
| 100 ## - MAIN ENTRY--PERSONAL NAME | |
| Personal name | Ministry of Finance |
| 245 #0 - TITLE STATEMENT | |
| Title | Medium term expenditure framework(MTEF) FOR 2017-2019. (Ministry Of Sanitation And Water Resources). Programme based budget estimates for 2017 |
| 260 ## - PUBLICATION, DISTRIBUTION, ETC. | |
| Name of publisher, distributor, etc. | Ministry of Finance |
| Place of publication, distribution, etc. | Accra |
| Date of publication, distribution, etc. | 2017 |
| 300 ## - PHYSICAL DESCRIPTION | |
| Extent | 67p; tabs. |
| 650 ## - SUBJECT ADDED ENTRY--TOPICAL TERM | |
| Topical term or geographic name entry element | Ministry Of Sanitation And Water Resources - Medium Term Expenditure Framework - programme based budget estimates for 2017 |
| 942 ## - ADDED ENTRY ELEMENTS (KOHA) | |
| Koha item type | Annual Estimates |
| Withdrawn status | Lost status | Damaged status | Not for loan | Home library | Current library | Shelving location | Date acquired | Total checkouts | Full call number | Date last seen | Copy number | Price effective from | Koha item type |
|---|---|---|---|---|---|---|---|---|---|---|---|---|---|
| Main Library | Main Library | Open Shelves | 31/03/2022 | MTEF/MSWR/17/353 | 29/04/2024 | 1 | 29/04/2024 | Annual Estimates |